Statistics for Classical composers- yellow box

Click here to take the quiz!

General Stats

  • This quiz has been taken 24 times
  • The average score is 16 of 32

Answer Stats

HintAnswer% Correct
FinlandiaSibelius
95%
Rhapsody in BlueGershwin
91%
Swan LakeTchaikovsky
91%
CarmenBizet
82%
The PlanetsHolst
82%
Eroica SymphonyBeethoven
77%
Carnival of the AnimalsSaint Saens
73%
GymnopediesSatie
73%
Fantasie Impromptu (piano)Chopin
68%
La MerDebussy
68%
Romeo and JulietProkofiev
68%
Symphony FantastiqueBerlioz
64%
Water MusicHandel
59%
Tristan and IsoldeWagner
59%
Enigma VariationsElgar
50%
Le Sacre du PrintempsStravinsky
45%
Coffee CantataBach
41%
Fingals CaveMendelssohn
41%
The Earl KingSchubert
41%
The MoldauSmetana
41%
Sorcerer's ApprenticeDukas
36%
Wedding Day at TroldhaugenGrieg
36%
Concerto for OrchestraBartok
32%
Russian Easter OvertureRimsky-Korsakov
32%
Death and TransfigurationStrauss
32%
The Devil's TrillTartini
32%
Requiem in d minor, opus 48Faure
27%
MiroirsRavel
27%
Variations in f minor (piano duet)Haydn
18%
3 Sonneti del Petrarca (piano and vocal)Liszt
18%
2 Suites for two pianos, Op. 5 and Op. 17Rachmaninoff
14%
Symphonic EtudesSchumann
14%

Score Distribution

Percentile by Number Answered

Percent of People with Each Score

Your Score History

You have not taken this quiz